Mitski's Discography Alphabetically - Statistics

General Stats
  • This quiz has been taken 13 times
  • The average score is 32 of 75
Answer Stats
Hint Answer % Correct
Abbey
78%
A Pearl
78%
A A Burning Hill
67%
A Horse Named Cold Air
67%
A Loving Feeling
67%
Because Dreaming Costs Money, My Dear
56%
Buffalo Replaced
56%
Bug Like an Angel
56%
I Guess
56%
J Jobless Monday
56%
M Me and My Husband
56%
My Love Mine All Mine
56%
N Nobody
56%
Square
56%
Wife
56%
Blue Light
44%
C Carry Me Out
44%
Crack Baby
44%
Door
44%
Everyone
44%
First Love/Late Spring
44%
Goodbye, My Danish Sweetheart
44%
H Happy
44%
Heaven
44%
Humpty
44%
I Don't Like My Mind
44%
I Love Me After You
44%
I Want You
44%
Liquid Smooth
44%
Lonesome Love
44%
Love Me More
44%
Once More to See You
44%
R Real Men
44%
Remember My Name
44%
S Shame
44%
Should've Been Me
44%
The Deal
44%
The Frost
44%
The Only Heartbreaker
44%
W Washing Machine Heart
44%
When Memories Snow
44%
Working for the Knife
44%
Y Your Best American Girl
44%
B Bag of Bones
33%
Brand New City
33%
Circle
33%
Class of 2013
33%
Come into the Water
33%
D Dan the Dancer
33%
Drunk Walk Home
33%
E Eric
33%
F Fireworks
33%
Francis Forever
33%
G Geyser
33%
Heat Lightning
33%
I I Bet on Losing Dogs
33%
I'm Your Man
33%
I Will
33%
L Last Words of a Shooting Star
33%
My Body's Made of Crushed Little Stars
33%
O Old Friend
33%
P Pearl Diver
33%
Pink in the Night
33%
Star
33%
T Texas Reznikoff
33%
That's Our Lamp
33%
Townie
33%
Two Slow Dancers
33%
V Valentine, Texas
33%
Why Didn't You Stop Me?
33%
I Don't Smoke
22%
Stay Soft
22%
Strawberry Blond
22%
Thursday Girl
22%
There's Nothing Left for You
11%
No matching quizzes found
Score Distribution
Percent of People with Each Score
Percentile by Number Answered
Your Score History
You have not taken this quiz